| 000 | 00863nam a22002537a 4500 | ||
|---|---|---|---|
| 005 | 20150706142105.0 | ||
| 010 | _aBAC-EN21 ENG-111915 | ||
| 020 |
_a9788179931882 _c425.00 |
||
| 035 | _aEN-95447 | ||
| 035 | _aB-580522-552 | ||
| 037 |
_adpl _bAakar/Ven |
||
| 037 | _aDBAD/PUB | ||
| 082 | _a628.3 | ||
| 100 | _aRakesh Kumar | ||
| 245 |
_aMunicipal water and wastewater treatment / _cby Rakesh Kumar [and] R.N. Singh ; edited by T.V. Ramachandra |
||
| 260 |
_aNew Delhi _bTeri Press _c2014(repr.) |
||
| 270 |
_aIHC Complex, Lodhi Road _bNew Delhi _e110003 |
||
| 300 |
_axv,266p. : _c24cm(Hb) _bill. |
||
| 500 | _aIncludes index | ||
| 700 | _aSingh,R.N. | ||
| 700 | _aRamachandra, T.V. | ||
| 942 |
_2ddc _cEN _mRAK _h628.3 |
||
| 999 |
_c88916 _d88916 |
||